[Event "Asian Academies Hybrid Chess-ch"]
[Site "Tornelo INT"]
[Date "2021.11.22"]
[Round "2.4"]
[White "Mohammadi, Maryam"]
[Black "Ahmed, Walijah"]
[Result "0-1"]
[WhiteElo "1163"]
[BlackElo "1975"]
[PlyCount "70"]
[EventDate "2021.11.21"]
[EventType "team-tourn"]
[EventRounds "7"]
[EventCountry "NET"]
[SourceTitle "EXT 2023"]
[Source "ChessBase"]
[SourceDate "2022.10.05"]
[SourceVersion "1"]
[SourceVersionDate "2022.10.05"]
[SourceQuality "1"]
[WhiteTeam "Pishgam Novin II"]
[BlackTeam "Elegant Int CA"]
[WhiteTeamCountry "IRI"]
[BlackTeamCountry "BAN"]

1. d4 d5 2. c4 e6 3. Nc3 c5 4. cxd5 exd5 5. Nf3 Nc6 6. g3 Nf6 7. Bg2 Be7 8. 0-0 0-0 9. Bg5 c4 10. Ne5 Be6 11. f4 g6 12. e3 Kg7 13. Qf3 Qb6 14. Bxf6+ Bxf6 15. Nxd5 Bxd5 16. Qxd5 Nxe5 17. fxe5 Bg5 18. Rae1 Qxb2 19. h4 Bh6 20. Qxc4 Rac8 21. Qe2 Rc2 22. Qf3 Qxa2 23. Qxb7 Rb2 24. Bd5 Rxb7 25. Bxa2 Rc8 26. g4 Kf8 27. e6 Rc3 28. g5 Bg7 29. Rxf7+ Rxf7 30. exf7 Ra3 31. Be6 Ra6 32. d5 Rd6 33. Rb1 Rd8 34. Rb7 Ra8 35. Re7 Kxe7 0-1

[Event "Eastern Asia-ch U18 Girls"]
[Site "Tornelo INT"]
[Date "2021.10.24"]
[Round "7"]
[White "Mohammadi, Maryam"]
[Black "Laxmi, Rakesh"]
[Result "0-1"]
[WhiteElo "1297"]
[BlackElo "1050"]
[PlyCount "48"]
[EventDate "2021.10.22"]
[EventType "swiss"]
[EventRounds "9"]
[EventCountry "NET"]
[SourceTitle "EXT 2023"]
[Source "ChessBase"]
[SourceDate "2022.10.05"]
[SourceVersion "1"]
[SourceVersionDate "2022.10.05"]
[SourceQuality "1"]

1. d4 Nf6 2. c4 e6 3. Nc3 d5 4. Nf3 c5 5. cxd5 exd5 6. Bg5 cxd4 7. Bxf6 Qxf6 8. Nxd5 Qd8 9. Qxd4 Be6 10. e4 Nc6 11. Qc3 Bxd5 12. 0-0-0 Bd6 13. exd5 Bf4+ 14. Kc2 Ne7 15. Qxg7 Rg8 16. Qxh7 Rc8+ 17. Kb1 a6 18. Qe4 Qc7 19. Bd3 Rxg2 20. Rhe1 Rxf2 21. Rc1 Bxc1 22. Ng5 Bxb2 23. Be2 Bc3 24. Qe3 Bxe1 0-1

[Event "Eastern Asia-ch U18 Girls"]
[Site "Tornelo INT"]
[Date "2021.10.22"]
[Round "1"]
[White "Le, Thai Nga"]
[Black "Mohammadi, Maryam"]
[Result "1-0"]
[WhiteElo "1631"]
[BlackElo "1297"]
[PlyCount "33"]
[EventDate "2021.10.22"]
[EventType "swiss"]
[EventRounds "9"]
[EventCountry "NET"]
[SourceTitle "EXT 2023"]
[Source "ChessBase"]
[SourceDate "2022.10.05"]
[SourceVersion "1"]
[SourceVersionDate "2022.10.05"]
[SourceQuality "1"]

1. d4 d5 2. Nf3 Nf6 3. e3 e6 4. Bd3 Bd6 5. 0-0 Nbd7 6. b3 c5 7. Bb2 cxd4 8. exd4 0-0 9. Nbd2 Qc7 10. Qe2 b6 11. Ne5 Bb7 12. f4 Ne4 13. Nxe4 dxe4 14. Bxe4 Bxe4 15. Qxe4 f6 16. Nc4 f5 17. Qxe6+ 1-0